| 000 | 00501nam a2200181 4500 | ||
|---|---|---|---|
| 003 | LK-CoDNM | ||
| 005 | 20240201153952.0 | ||
| 008 | 240201b |||||||| |||| 00| 0 eng d | ||
| 020 | _a9786240017411 | ||
| 040 |
_aLK-CoDNM _dLK-CoDNM _eLK-CoDNM |
||
| 041 | _asin | ||
| 080 |
_a954.3 _bSOM |
||
| 100 | _aසෝමරත්න,ඩබ්ලිව්.ඇම් | ||
| 245 | _aමහතලාවේ ලේ | ||
| 260 |
_aColombo _bS.Godage Saha Sahodarayo _c2022 |
||
| 300 | _a84p.,21cm | ||
| 942 |
_n0 _cBK |
||
| 999 |
_c144777 _d144777 |
||